Statistics for Biggest Nation where they speak [...]

Click here to take the quiz!

General Stats

  • This quiz has been taken 55 times
  • The average score is 8 of 8

Answer Stats

Language(Speakers less or more than)Country% Correct
Portuguese218 million/229 million (~95,2%)Brazil
100%
Mandarin960 million/1.15 billion (~83,5%)China
100%
French76 million/229 million (~33,2%)France
100%
German76 million/129 million (~58,9%)Germany
100%
Spanish125 million/661 million (~18,9%)Mexico
100%
Russian153 million/267 million (~57,3%)Russia
100%
Dutch17 million/28 million (~60,7%)The Netherlands
100%
English326 million/1.39 billion (~23,5%)United States of America
100%

Score Distribution

Percentile by Number Answered

Percent of People with Each Score

Your Score History

You have not taken this quiz